000 00813nam a2200205 a 4500
003 0
005 20250315111900.0
008 071127s19uu xx 00 eng d
050 _aPGS LB 3013.C65
_b.L477 2007
100 _aLee, Rae Hyub.
245 _aClassroom management of the faculty of the St. Scholastica's College /
_cRae Hyub Lee.
260 _aLas PiƱas City, Philippines :
_bSouthville International School and Colleges,
_c2007.
300 _a40 pages :
_bcolored illustrations ;
_c28 cm.
504 _aIncludes bibliographical references.
650 _aClassroom management
_vComparative studies.
650 _aTeachers
_vExperience and effectiveness.
650 _aTeacher-student relationships
_vDiscipline and management.
650 _aTeaching
_vProfessional development.
942 _2lcc
_cPASS
999 _c97742
_d97742